Jadikan Islam cara hidup kita

Bibliographic Details
Other Authors: Nuradyana Ariffin
Format: Book
Published: KL : Mulia Terang Sdn Bhd , 2011
Subjects:

MARC

LEADER 00000cam a2200000 7i4500
001 0000039844
005 20140112.0
008 140112
020 |a 9675586194 
090 0 0 |a 297.577   |b JAD 
245 1 0 |a Jadikan Islam cara hidup kita 
260 |a KL :   |b Mulia Terang Sdn Bhd ,   |c 2011 
650 0 |a Husband and wife conduct of life 
650 0 |a Husband and wife   |x Religious aspects Islam 
650 0 |a Marriage religious   |x Aspects Islam 
700 0 |a Nuradyana Ariffin 
999 |a 0001262005   |b Book   |c Adult Collection   |e Perbadanan Perpustakaan Awam Johor